Представление документа в формате MARC21

Поле Инд. ПП Название Значение
Тип записи a
Библиографический уровень b
001 Контрольный номер RU/IS/BASE/204743284
005 Дата корректировки 20210217124917.1
008 Кодируемые данные 20060627
084 a Индекс другой классификации/Индекс ББК 87.3(2)522-685
245 10 a Заглавие Владимир Соловьев: Бесстрашный поиск истины
b Продолж. заглавия [Цикл статей, посвященых В.С. Соловьеву]
c Ответственность предисловие В. Яковлева
505 0_ a Форматированное содержание "...Он сердечно любил Россию"
b Автор Лосев А. Ф.
505 0_ a Форматированное содержание Личность В. С. Соловьева
b Автор Трубецкой Е.
505 0_ a Форматированное содержание Событие 1 марта и Владимир Соловьев
b Автор Щеголев П.
600 14 a Персоналии Соловьев Владимир Сергеевич
650 04 a Основная рубрика история философии
a Основная рубрика философия
653 0_ a Ключевые слова XX век
a Ключевые слова Россия
700 12 a Автор Яковлев В.
e Роль лиц Автор предисловия
700 12 a Автор Трубецкой Е.
700 12 a Автор Лосев А. Ф.
700 12 a Автор Щеголев П.
773 18 t Заглавие источника Наше наследие
d Дата издания источника 1988
g Прочая информация № 2. - С. 67 - 80 : фот.
w Контрольный № источника RU/IS/BASE/142599553
901 t Тип документа b